000 00304nam a22001337a 4500
008 181101b xxu||||| |||| 00| 0 eng d
020 _a9780683085082
041 _aeng
080 _a610
100 _a4
101 _aSHM
245 _aGuide to Clinical Preventive Services
_cLee, P.R
942 _2udc
_cBK
999 _c51519
_d51519